Design and development of Anomaly Detection Scheme for manets in NS2 (Record no. 322734)

000 -LEADER
fixed length control field 00403 a2200133 4500
001 - CONTROL NUMBER
control field 87661
082 ## - DEWEY DECIMAL CLASSIFICATION NUMBER
Classification number PR 38
090 ## - LOCALLY ASSIGNED LC-TYPE CALL NUMBER (OCLC); LOCAL CALL NUMBER (RLIN)
-- 41119
-- 41119
100 ## - MAIN ENTRY--PERSONAL NAME
Personal name Farhad Ali, PIA Off 4148 70(B) EC
245 ## - TITLE STATEMENT
Title Design and development of Anomaly Detection Scheme for manets in NS2
260 ## - PUBLICATION, DISTRIBUTION, ETC.
Place of publication, distribution, etc. Risalpur
Name of publisher, distributor, etc. CAE PAF Academy Risalpur
Date of publication, distribution, etc. 2011
300 ## - PHYSICAL DESCRIPTION
Extent xii, 66p.
Accompanying material Nauman Mazhar, Wg Cdr
500 ## - GENERAL NOTE
General note BE Project Reports
942 ## - ADDED ENTRY ELEMENTS (KOHA)
Institution code [OBSOLETE] CAE NUST
Call number prefix PR 38
Holdings
Withdrawn status Lost status Damaged status Not for loan Collection code Permanent Location Current Location Date acquired Total Checkouts Full call number Barcode Date last seen Price effective from Koha item type
          College of Aeronautical Engineering (CAE) College of Aeronautical Engineering (CAE) 04/03/2017   PR 38 CAEPR-38 04/05/2017 04/05/2017 Book
© 2023 Central Library, National University of Sciences and Technology. All Rights Reserved.